Anglický pacient

Autor románu vovedie čitateľa do strhujúcich príbehov štyroch postáv, pochádzajúcich z úplne odlišných prostredí, ktoré sa náhodne stretnú tesne pred koncom druhej svetovej vojny v Toskánsku.

Bibliographic Details
Main Author: Ondaatje, Michael, 1943- (Author)
Other Authors: Tinajová, Oľga (Narrator)
Format: CD Audio
Language:Slovak
English
PhysicalDescription:1 elektronický optický disk (CD-ROM) digitálny, MP3 12 cm
Published: Levoča Slovenská knižnica pre nevidiacich Mateja Hrebendu 2020
ISBN:9788018093665
Subjects:

MARC

LEADER 00000nim a2200000 a 4500
001 vtls012001913
003 SK-MaSNL
005 20260302094025.0
007 sd fungnnmmned
008 201105s2020 xo nnnnfs f n slo
015 |a SNBJ2023 
020 |a 9788018093665  |q (CD-ROM) 
040 |a SNK  |b slo  |c SNK  |e AACR2 
041 1 |a slo  |h eng 
044 |a xo  |c SK 
072 7 |a 821.111-3  |x Anglická próza, anglicky písaná  |2 konspekt 
080 |a (086.7)  |2 2011 
080 |a 821.111(71)-31  |2 2011 
080 |a (0:82-311.6)  |2 2011 
100 1 |a Ondaatje, Michael,  |d 1943-  |4 aut  |9 264542 
245 1 0 |a Anglický pacient  |h elektronický zdroj  |c Michael Ondaatje ; číta: Oľga Tinajová 
260 |a Levoča  |b Slovenská knižnica pre nevidiacich Mateja Hrebendu  |c 2020 
300 |a 1 elektronický optický disk (CD-ROM)  |b digitálny, MP3  |c 12 cm 
306 |a 120000 
520 8 |a Autor románu vovedie čitateľa do strhujúcich príbehov štyroch postáv, pochádzajúcich z úplne odlišných prostredí, ktoré sa náhodne stretnú tesne pred koncom druhej svetovej vojny v Toskánsku. 
521 |a Pre nevidiacich, slabozrakých a inak zdravotne postihnutých 
655 7 |a zvukové záznamy  |2 SNKPH  |9 70720 
655 7 |a kanadské romány (anglicky)  |2 SNKPH  |9 70623 
655 7 |a vojnové romány  |2 SNKPH  |9 70572 
700 1 |a Tinajová, Oľga  |4 nrt  |9 298837 
919 |a 978-80-18-09366-5 
958 |a SX 
999 |c 1211528  |d 1213458 
952 |a SNK  |b SNK  |y PREZ  |7 0  |p 17A1482653  |o snkSCD 5940  |i snk2022/7225  |8 0  |0 0  |1 0  |4 0  |d 2022-05-10  |l 0  |r 2026-02-24 23:15:04  |w 2026-02-24